Exploring Corporate Strategy: text and cases (Record no. 1550)

MARC details
000 -LEADER
fixed length control field 00439nam a22001697a 4500
005 - DATE AND TIME OF LATEST TRANSACTION
control field 20180821123553.0
008 - FIXED-LENGTH DATA ELEMENTS--GENERAL INFORMATION
fixed length control field 160524b xxu||||| |||| 00| 0 eng d
020 ## - INTERNATIONAL STANDARD BOOK NUMBER
ISBN 81-203-1242-2
041 ## - LANGUAGE CODE
Language code of text/sound track or separate title eng
082 ## - DEWEY DECIMAL CLASSIFICATION NUMBER
Item number 4611
Classification number 657.42
100 ## - MAIN ENTRY--AUTHOR NAME
Personal name Johnson gerry & Others
245 ## - TITLE STATEMENT
Title Exploring Corporate Strategy: text and cases
260 ## - PUBLICATION, DISTRIBUTION, ETC. (IMPRINT)
Place of publication New Delhi
Name of publisher Academic Faundation
300 ## - PHYSICAL DESCRIPTION
Number of Pages 864
650 ## - SUBJECT ADDED ENTRY--TOPICAL TERM
Topical Term Management
942 ## - ADDED ENTRY ELEMENTS (KOHA)
Koha item type Books
Holdings
Lost status Damaged status Home library Shelving location Date acquired Cost, normal purchase price Full call number Accession Number Koha item type Collection code Current library
    JRU Library SHELF -72- H 24/05/2016 295.00 658.42 4611 Books    
    JRU Library SHELF -72- H 24/05/2016 295.00 658.42 4612 Books MANAGEMENT JRU Library
    JRU Library SHELF -72- H 24/05/2016 295.00 658.42 4613 Books MANAGEMENT JRU Library
    JRU Library SHELF -72- H 24/05/2016 295.00 658.42 4614 Books